| 000 | 01240nam a2200265 i 4500 | ||
|---|---|---|---|
| 001 | 159691 | ||
| 003 | ES-MaACL | ||
| 005 | 20230906211732.0 | ||
| 008 | 040921s1825 fr ab |||| | fre d | ||
| 040 |
_aCAM _bspa _cCAM |
||
| 100 | 1 |
_aMills, Charles. _9129932 |
|
| 245 | 1 | 0 |
_aHistoire des croisades, entreprises pour la délivrance de la Terre-Sainte / _cpar Charles Mills ; traduite de l'anglais par Paul Tiby et accompagnée d'un Atlas dessiné et gravé par Ambroise Tardieu. |
| 260 |
_aParis : _bchez Boulland et C., libraires, _c1825 ( _fImprimerie de Stahl) |
||
| 300 |
_a3 v. ; _c21 cm. |
||
| 490 | 1 | _aOeuvres complètes de Charles Mills | |
| 500 | _aDescripción basada en el T. II. Aunque en antep. y port. consta "tome premier", el contenido corresponde al tomo segundo. | ||
| 597 | _aT. II. (416 p. [1] h. de map. pleg.) | ||
| 599 | _aLa h. de map. pleg.: "Syrie, Terre Sainte et Basse Egypte au tems des croisades", dressé et gravé par Ambroise Tardieu. | ||
| 650 | 4 |
_aCruzadas. _911463 |
|
| 700 | 1 |
_aTiby, Paul. _9133249 |
|
| 700 | 1 |
_aTardieu, Ambroise. _9133128 |
|
| 830 | 0 |
_aOeuvres complètes de Charles Mills _9221962 |
|
| 852 |
_aES-MaACL _jG-10894 _z-- Enc. hol. _q-- Sólo T. II |
||
| 999 |
_c159691 _d159691 |
||